Before and After III Quiz Stats

 Plays Quiz Updated Feb 1, 2019

Support Sporcle.
Go Orange.
Score 0/16 Timer 06:00
1 Play Today
Hint (Before) Answer % Correct
Trio that sang Puff the Magic DragonPeter Paul and Mary Poppins
65.1%
2008-09 Premier League ChampionsManchester United Kingdom
62%
James Bond's favorite line of sports carsAston Martin Van Buren
57.3%
Tony StarkIron Man on the Moon
54.3%
Singer of Sir Duke and SuperstitionStevie Wonder Woman
53.1%
1987 Tom Selleck, Steve Guttenberg, and Ted Danson movieThree Men and A Baby Ruth
53%
Co-creator of Seinfeld and Curb Your EnthusiasmLarry David Bowie
52.7%
1991 Bill Murray and Richard Dreyfuss movieWhat About Bob Hope
50.1%
Hint (Before) Answer % Correct
The actor who played GilliganBob Denver Broncos
41.3%
Monty Python's 1979 mistaken Messiah movieMonty Python's Life of Brian Boitano
36.8%
Reginald Kenneth Dwight's stage nameElton John Locke
29.1%
Paul Simon's first single from GracelandYou Can Call Me Al Franken
27.4%
1965 Roger Miller songKing of the Road Runner
24.3%
1995 Billy Crystal and Debra Winger romantic comedyForget Paris Hilton
21.9%
William Shakespeare comedy published in 1598Love's Labour's Lost in Space
14.3%
1998 Oscar winner for best pictureShakespeare in Love in the time of Cholera
14.2%

You're not logged in!

Compare scores with friends on all Sporcle quizzes.
OR
Log In
Forgot?

From the Vault

Remove Ads.
Support Sporcle.
Get the best of Sporcle when you Go Orange. This ad-free experience offers more features, more stats, and more fun while also helping to support Sporcle. Thank you for becoming a member.

Show Comments

Extras

Top Quizzes Today


Score Distribution

Your Account Isn't Verified!

In order to create a playlist on Sporcle, you need to verify the email address you used during registration. Go to your Sporcle Settings to finish the process.

Report this User

Report this user for behavior that violates our Community Guidelines.

Details: